000 00901cam a2200253 a 4500
001 000004236
005 20200929151421.0
008 760730s1965 sp af b 001 0 spa
040 _aDO-SdBNP
_bspa
_cBNPHU
082 _a799.202834
_bS784t
100 1 _aStanbury, Percy
_912519
240 1 0 _aShotgun marksmanship.
_lEspañol.
245 1 0 _aTécnica de tiro con escopeta /
_cPercy Stanbury, G. L. Carliste; prólogo de Jorge de Pallejá; traducción de Conrado Niell Sureda.
260 _aBarcelona :
_bHispano Europea,
_c1965.
300 _a205 p. :
_bil. ;
_c20 cm.
490 1 _aHerakles
490 1 _aTécnicas de Caza
534 _aTítulo original:
_tShotgun marksmanship
650 4 _aTiro
_xTécnica
_912520
700 1 _aCarliste, G. L.
_912521
700 1 _aPalleja, Jorge de,
_eprol.
_912522
700 1 _aNiell Sureda, Conrado
_etr.
_912523
830 0 _aHerakles.
_pTécnicas de Caza
_912524
999 _c4050
_d4050